000 00393nam a22001697a 4500
003 MACL
005 20151226145605.0
008 151226b xxu||||| |||| 00| 0 eng d
040 _cMACL
041 _aEnglish
082 _a070
100 _aRhodes,N.G.
_922888
245 _aThe Coinage of Jaintiapur
260 _aKolkata
_bMira Bose
_c2010
650 _aReligion
_922889
942 _2ddc
_cBK
999 _c51951
_d51951